Estatísticas para Mapa de Países do Círculo Polar Ártico

Clique aqui para jogar o quiz

Estatísticas Gerais

  • Esse quiz foi jogado 12 407 vezes
  • A pontuação média é 5 de 7

Respostas no mapa

Respostas codificadas por cores de uma escala verde-vermelha no mapa do quiz de acordo com a % correta abaixo.
 

Estatísticas das Respostas

Resposta% Correto
Canadá
86%
Rússia
86%
Dinamarca
79%
Finlândia
77%
Estados Unidos
76%
Noruega
74%
Suécia
72%

Distribuição das Pontuações

Percentil de Números Respondidos

Porcentagem de Pessoas com Cada Pontuação

Sua Pontuação Histórica

Você não jogou esse quiz